[Event "CAN-ch U12"]
[Site "Vancouver"]
[Date "2012.07.05"]
[Round "5"]
[White "Ge, Alex"]
[Black "Brewster, Paula"]
[Result "1-0"]
[WhiteElo "931"]
[BlackElo "1341"]
[PlyCount "65"]
[EventDate "2012.07.03"]
[EventType "swiss"]
[EventRounds "7"]
[EventCountry "CAN"]
[SourceTitle "EXT 2022"]
[Source "ChessBase"]
[SourceDate "2021.10.06"]
[SourceVersion "1"]
[SourceVersionDate "2021.10.06"]
[SourceQuality "1"]

1. e4 c5 2. Nf3 e6 3. d4 cxd4 4. Nxd4 a6 5. Nc3 Qc7 6. Bd3 Nf6 7. Nce2 b5 8. 0-0 Bb7 9. Ng3 d6 10. Bg5 Be7 11. Re1 Nbd7 12. Nh5 Qc5 13. Nxg7+ Kd8 14. Ngxe6+ fxe6 15. Nxe6+ Kc8 16. Nxc5 dxc5 17. e5 Nd5 18. Bxe7 Nxe7 19. Be4 Bxe4 20. Rxe4 Rg8 21. e6 Nf6 22. Re3 Nfd5 23. Rg3 Kc7 24. Rxg8 Rxg8 25. Qf3 h5 26. Rd1 Kd6 27. Qf7 Kc6 28. Rxd5 Kxd5 29. Qxe7 Rg4 30. h3 Re4 31. Qd7+ Kc4 32. e7 Rxe7 33. Qxe7 1-0

[Event "CAN-ch U12"]
[Site "Vancouver"]
[Date "2012.07.05"]
[Round "7"]
[White "Ge, Alex"]
[Black "Wang, Edward"]
[Result "1-0"]
[WhiteElo "921"]
[BlackElo "1132"]
[PlyCount "112"]
[EventDate "2012.07.03"]
[EventType "swiss"]
[EventRounds "7"]
[EventCountry "CAN"]
[SourceTitle "EXT 2022"]
[Source "ChessBase"]
[SourceDate "2021.10.06"]
[SourceVersion "1"]
[SourceVersionDate "2021.10.06"]
[SourceQuality "1"]

1. e4 c6 2. d4 g6 3. Nf3 d5 4. Nc3 Bg7 5. Be3 Nf6 6. e5 Ng4 7. Bf4 Bf5 8. Be2 Nd7 9. 0-0 0-0 10. Nh4 Nh6 11. Qd2 Ng4 12. h3 Ngxe5 13. dxe5 Nxe5 14. Nxf5 gxf5 15. Bh6 Ng6 16. Bxg7 Kxg7 17. Qg5 e6 18. Qxd8 Raxd8 19. Rad1 d4 20. Na4 Nf4 21. Bf3 e5 22. Nc5 e4 23. Bxe4 fxe4 24. Nxe4 Rde8 25. Rfe1 Rg8 26. Kh2 Ne6 27. c3 dxc3 28. bxc3 Rd8 29. Nd6 b6 30. Nf5+ Kg6 31. Ne7+ Kg7 32. Nxg8 Rxg8 33. Re3 a5 34. Rg3+ Kf8 35. Rxg8+ Kxg8 36. Rd6 b5 37. Rxc6 Nf4 38. Rc5 Ne2 39. Rxb5 Nxc3 40. Rxa5 Kg7 41. Kg3 Kg6 42. f4 Ne4+ 43. Kh4 f5 44. Ra6+ Kg7 45. g4 Nc5 46. Ra7+ Kg8 47. Re7 Kh8 48. a4 Nxa4 49. Kh5 Nc5 50. Kh6 Kg8 51. Rg7+ Kf8 52. Rxh7 Kg8 53. g5 Ne6 54. g6 Nxf4 55. Rg7+ Kh8 56. Rf7 Kg8 1-0

[Event "CAN-ch U12"]
[Site "Vancouver"]
[Date "2012.07.03"]
[Round "2"]
[White "Olechko, Nikita"]
[Black "Ge, Alex"]
[Result "1-0"]
[WhiteElo "566"]
[BlackElo "921"]
[PlyCount "119"]
[EventDate "2012.07.03"]
[EventType "swiss"]
[EventRounds "7"]
[EventCountry "CAN"]
[SourceTitle "EXT 2022"]
[Source "ChessBase"]
[SourceDate "2021.10.06"]
[SourceVersion "1"]
[SourceVersionDate "2021.10.06"]
[SourceQuality "1"]

1. e4 d5 2. exd5 e6 3. dxe6 Bxe6 4. d4 c5 5. Nf3 Nc6 6. Bb5 Rc8 7. 0-0 a6 8. Bxc6+ Rxc6 9. Re1 Nf6 10. c4 cxd4 11. Nxd4 Rd6 12. Be3 Be7 13. Re2 0-0 14. Rd2 Ne4 15. Nxe6 fxe6 16. Rxd6 Bxd6 17. Nd2 Nxd2 18. Qxd2 Qc7 19. Rd1 Rd8 20. Bf4 Qxc4 21. Bxd6 e5 22. Qd5+ Qxd5 23. Rxd5 Kf7 24. Rd2 a5 25. f4 e4 26. f5 e3 27. Rd4 e2 28. Kf2 Re8 29. Ke1 Kf6 30. Bc7 Kxf5 31. Rd2 a4 32. Rxe2 Rxe2+ 33. Kxe2 Ke4 34. b3 axb3 35. axb3 b5 36. h4 Kf5 37. g3 Ke4 38. Kd2 Kd4 39. Bf4 g6 40. Bg5 h5 41. Bh6 Kc5 42. Kc3 Kb6 43. Kb4 Kc6 44. Be3 Kd6 45. Kxb5 Kd5 46. Ka5 Ke4 47. b4 Kxe3 48. b5 Kf3 49. b6 Kxg3 50. b7 Kxh4 51. b8Q g5 52. Qh2+ Kg4 53. Qg2+ Kh4 54. Kb5 g4 55. Kc4 Kg5 56. Kd3 h4 57. Ke3 h3 58. Qg3 Kf5 59. Qf4+ Ke6 60. Qxg4+ 1-0